Nam bộ đất và người
Zapisane w:
| Korporacja: | |
|---|---|
| Format: | Książka |
| Język: | Undetermined |
| Wydane: |
Thành phố Hồ Chí Minh
Trẻ
2004
|
| Hasła przedmiotowe: | |
| Etykiety: |
Dodaj etykietę
Nie ma etykietki, Dołącz pierwszą etykiete!
|
| Thư viện lưu trữ: | Trung tâm Học liệu Trường Đại học Cần Thơ |
|---|
| LEADER | 00673nam a2200217Ia 4500 | ||
|---|---|---|---|
| 001 | CTU_59269 | ||
| 008 | 210402s9999 xx 000 0 und d | ||
| 020 | |b 58000 | ||
| 020 | |c 58000 | ||
| 082 | |a 959.7 | ||
| 082 | |b N104 | ||
| 110 | |a Hội khoa học lịch sử Thành phố Hồ Chí Minh | ||
| 245 | 0 | |a Nam bộ đất và người | |
| 245 | 0 | |c Hội khoa học lịch sử Thành phố Hồ Chí Minh | |
| 260 | |a Thành phố Hồ Chí Minh | ||
| 260 | |b Trẻ | ||
| 260 | |c 2004 | ||
| 650 | |a Vietnam,Vietnamese culture | ||
| 650 | |x History | ||
| 904 | |i M.Loan | ||
| 980 | |a Trung tâm Học liệu Trường Đại học Cần Thơ | ||